Combien de ville de la Nièvre (58) connais-tu ? - Statistiques

Statistiques générales
  • Ce quiz a été pris 30 fois
  • Le résultat moyen est 24 sur 309
Statistiques - réponses
Code postal Ville % Correct
58000 Nevers
91%
58300 Decize
61%
58640 Varennes-Vauzelles
57%
58260 La Machine
52%
58200 Cosne-Cours-sur-Loire
48%
58500 Clamecy
43%
58600 Fourchambault
43%
58400 La Charité-sur-Loire
43%
58170 Luzy
43%
58270 Saint-Benin-d'Azy
43%
58340 Cercy-la-Tour
39%
58660 Coulanges-lès-Nevers
39%
58160 Imphy
39%
58180 Marzy
39%
58700 Prémery
39%
58240 Saint-Pierre-le-Moûtier
39%
58390 Dornes
35%
58290 Moulins-Engilbert
35%
58320 Pougues-les-Eaux
35%
58300 Champvert
30%
58470 Magny-Cours
30%
58000 Saint-Éloi
30%
58300 Saint-Léger-des-Vignes
30%
58400 Chaulgnes
26%
58300 Devay
26%
58340 Fours
26%
58600 Garchizy
26%
58130 Guérigny
26%
58140 Lormes
26%
58210 Varzy
26%
58000 Challuy
22%
58300 Charrin
22%
58800 Corbigny
22%
58240 Fleury-sur-Loire
22%
58170 Poil
22%
58150 Pouilly-sur-Loire
22%
58110 Rouy
22%
58490 Saint-Parize-le-Châtel
22%
58160 Sauvigny-les-Bois
22%
58430 Arleuf
17%
58300 Avril-sur-Loire
17%
58160 Béard
17%
58110 Châtillon-en-Bazois
17%
58160 Chevenon
17%
58300 Neuville-lès-Decize
17%
58300 Saint-Hilaire-Fontaine
17%
58360 Saint-Honoré-les-Bains
17%
58300 Sougy-sur-Loire
17%
58190 Tannay
17%
58130 Urzy
17%
58240 Azy-le-Vif
13%
58190 Bazoches
13%
58220 Donzy
13%
58160 Druy-Parigny
13%
58270 Fertrève
13%
58250 Montambert
13%
58230 Montsauche-les-Settons
13%
58400 Narcy
13%
58230 Ouroux-en-Morvan
13%
58160 Saint-Ouen-sur-Loire
13%
58330 Saint-Saulge
13%
58000 Sermoise-sur-Loire
13%
58260 Thianges
13%
58400 Tronsanges
13%
58300 Verneuil
13%
58200 Alligny-Cosne
9%
58270 Anlezy
9%
58500 Armes
9%
58110 Biches
9%
58270 Billy-Chevannes
9%
58310 Bouhy
9%
58140 Brassy
9%
58420 Brinon-sur-Beuvron
9%
58240 Chantenay-Saint-Imbert
9%
58120 Château-Chinon (Campagne)
9%
58120 Château-Chinon (Ville)
9%
58350 Châteauneuf-Val-de-Bargis
9%
58300 Cossaye
9%
58330 Crux-la-Ville
9%
58310 Dampierre-sous-Bouhy
9%
58530 Dornecy
9%
58150 Garchy
9%
58160 La Fermeté
9%
58400 La Marche
9%
58300 Lamenay-sur-Loire
9%
58240 Langeron
9%
58380 Lucenay-lès-Aix
9%
58130 Montigny-aux-Amognes
9%
58130 Poiseux
9%
58310 Saint-Amand-en-Puisaye
9%
58330 Saint-Benin-des-Bois
9%
58300 Saint-Germain-Chassenay
9%
58270 Saint-Jean-aux-Amognes
9%
58200 Saint-Père
9%
58110 Saint-Péreuse
9%
58420 Saint-Révérien
9%
58300 Toury-Lurcy
9%
58260 Trois-Vèvres
9%
58290 Vandenesse
9%
58270 Ville-Langy
9%
58230 Alligny-en-Morvan
4%
58110 Alluy
4%
58450 Annay
4%
58310 Arquian
4%
58700 Arzembouy
4%
58110 Bazolles
4%
58420 Beaulieu
4%
58270 Beaumont-Sardolles
4%
58310 Bitry
4%
58330 Bona
4%
58530 Brèves
4%
58800 Cervon
4%
58140 Chalaux
4%
58210 Champlemy
4%
58220 Ciez
4%
58120 Corancy
4%
58120 Dommartin
4%
58350 Dompierre-sur-Nièvre
4%
58140 Empury
4%
58410 Entrains-sur-Nohain
4%
58800 Epiry
4%
58430 Fâchin
4%
58270 Frasnay-Reugny
4%
58140 Gâcogne
4%
58440 La Celle-sur-Loire
4%
58800 La Collancelle
4%
58270 Limon
4%
58700 Lurcy-le-Bourg
4%
58240 Mars-sur-Allier
4%
58400 Mesves-sur-Loire
4%
58140 Mhère
4%
58170 Millay
4%
58110 Montapas
4%
58250 Montaron
4%
58440 Myennes
4%
58420 Neuilly
4%
58450 Neuvy-sur-Loire
4%
58700 Nolay
4%
58110 Ougny
4%
58700 Oulon
4%
58320 Parigny-les-Vaux
4%
58220 Perroy
4%
58200 Pougny
4%
58140 Pouques-Lormes
4%
58360 Préporché
4%
58400 Raveau
4%
58250 Rémilly
4%
58150 Saint-Andelain
4%
58130 Saint-Aubin-les-Forges
4%
58200 Saint-Loup-des-Bois
4%
58130 Saint-Martin-d'Heuille
4%
58140 Saint-Martin-du-Puy
4%
58330 Saint-Maurice
4%
58300 Saint-Parize-en-Viry
4%
58250 Saint-Seine
4%
58270 Saint-Sulpice
4%
58310 Saint-Vérain
4%
58800 Sardy-lès-Épiry
4%
58330 Saxi-Bourdon
4%
58290 Sermages
4%
58700 Sichamps
4%
58150 Suilly-la-Tour
4%
58170 Tazilly
4%
58250 Ternant
4%
58110 Tintury
4%
58240 Tresnay
4%
58400 Varennes-lès-Narcy
4%
58140 Vauclaix
4%
58370 Villapourçon
4%
58500 Villiers-sur-Yonne
4%
58420 Vitry-Laché
4%
58110 Achun
0%
58190 Amazy
0%
58800 Anthien
0%
58350 Arbourse
0%
58700 Arthel
0%
58420 Asnan
0%
58190 Asnois
0%
58110 Aunay-en-Bazois
0%
58700 Authiou
0%
58170 Avrée
0%
58700 Beaumont-la-Ferrière
0%
58210 Beuvron
0%
58500 Billy-sur-Oisy
0%
58120 Blismes
0%
58460 Breugnon
0%
58110 Brinay
0%
58400 Bulcy
0%
58420 Bussy-la-Pesle
0%
58220 Cessy-les-Bois
0%
58420 Challement
0%
58420 Champallement
0%
58700 Champlin
0%
58400 Champvoux
0%
58350 Chasnay
0%
58120 Châtin
0%
58120 Chaumard
0%
58800 Chaumot
0%
58700 Chazeuil
0%
58420 Chevannes-Changy
0%
58500 Chevroches
0%
58170 Chiddes
0%
58800 Chitry-les-Mines
0%
58110 Chougny
0%
58270 Cizely
0%
58350 Colméry
0%
58210 Corvol-d'Embernard
0%
58460 Corvol-l'Orgueilleux
0%
58220 Couloutre
0%
58210 Courcelles
0%
58210 Cuncy-lès-Varzy
0%
58340 Diennes-Aubigny
0%
58190 Dirol
0%
58230 Dun-les-Places
0%
58110 Dun-sur-Grandry
0%
58170 Fléty
0%
58190 Flez-Cuzy
0%
58800 Germenay
0%
58320 Germigny-sur-Loire
0%
58230 Gien-sur-Cure
0%
58470 Gimouille
0%
58700 Giry
0%
58370 Glux-en-Glenne
0%
58230 Gouloux
0%
58420 Grenois
0%
58420 Guipy
0%
58800 Héry
0%
58290 Isenay
0%
58330 Jailly
0%
58700 La Celle-sur-Nièvre
0%
58210 La Chapelle-Saint-André
0%
58190 La Maison-Dieu
0%
58250 La Nocle-Maulaix
0%
58250 Lanty
0%
58370 Larochemillay
0%
58230 Lavault-de-Frétoy
0%
58290 Limanton
0%
58240 Livry
0%
58240 Luthenay-Uxeloup
0%
58190 Lys
0%
58800 Magny-Lormes
0%
58210 Marcy
0%
58140 Marigny-l'Église
0%
58800 Marigny-sur-Yonne
0%
58290 Maux
0%
58410 Menestreau
0%
58210 Menou
0%
58190 Metz-le-Comte
0%
58190 Moissy-Moulinot
0%
58190 Monceaux-le-Comte
0%
58700 Montenoison
0%
58110 Mont-et-Marré
0%
58120 Montigny-en-Morvan
0%
58340 Montigny-sur-Canne
0%
58800 Montreuillon
0%
58420 Moraches
0%
58800 Mouron-sur-Yonne
0%
58700 Moussy
0%
58230 Moux-en-Morvan
0%
58700 Murlin
0%
58350 Nannay
0%
58190 Neuffontaines
0%
58190 Nuars
0%
58500 Oisy
0%
58370 Onlay
0%
58500 Ouagne
0%
58210 Oudan
0%
58210 Parigny-la-Rose
0%
58800 Pazy
0%
58230 Planchez
0%
58500 Pousseaux
0%
58500 Rix
0%
58190 Ruages
0%
58470 Saincaize-Meauce
0%
58230 Saint-Agnan
0%
58140 Saint-André-en-Morvan
0%
58190 Saint-Aubin-des-Chaumes
0%
58700 Saint-Bonnot
0%
58230 Saint-Brisson
0%
58190 Saint-Didier
0%
58220 Sainte-Colombe-des-Bois
0%
58330 Sainte-Marie
0%
58270 Saint-Firmin
0%
58330 Saint-Franchy
0%
58210 Saint-Germain-des-Bois
0%
58340 Saint-Gratien-Savigny
0%
58120 Saint-Hilaire-en-Morvan
0%
58150 Saint-Laurent-l'Abbaye
0%
58120 Saint-Léger-de-Fougeret
0%
58350 Saint-Malo-en-Donziois
0%
58150 Saint-Martin-sur-Nohain
0%
58210 Saint-Pierre-du-Mont
0%
58150 Saint-Quentin-sur-Nohain
0%
58190 Saizy
0%
58170 Savigny-Poil-Fol
0%
58360 Sémelay
0%
58500 Surgy
0%
58420 Taconnay
0%
58190 Talon
0%
58110 Tamnay-en-Bazois
0%
58190 Teigny
0%
58250 Thaix
0%
58240 Toury-sur-Jour
0%
58150 Tracy-sur-Loire
0%
58460 Trucy-l'Orgueilleux
0%
58130 Vaux d'Amognes
0%
58150 Vielmanay
0%
58190 Vignol
0%
58210 Villiers-le-Sec
0%
Aucun quiz correspondant
Distribution des résultats
% des personnes avec chaque résultat
Percentile par nombre de réponses
Votre historique - résultats
Vous n’avez pas pris ce quiz